000 00570nam a2200181Ia 4500
008 100921s9999 xx 000 0 und d
082 _b23652
_a820 थ 37
100 _aPerry W.J.
245 _aThe Growth Of Civilization.
260 _bपेंग्वीन बुक्स,ग्रेट ब्रिटन.
_c1937
300 _a243
_b---
365 _b0
520 _aललित इंग्रजी.
630 _aThe Growth Of Civilization.
650 _aललित इंग्रजी.
730 _aThe Growth Of Civilization.
942 _cBOOK
999 _c772765
_d772762